[Event "WchT Blitz 5-8th"]
[Site "London"]
[Date "2025.06.15"]
[Round "1.1"]
[White "Le, Quang Liem"]
[Black "Gledura, Benjamin"]
[Result "1-0"]
[WhiteElo "2729"]
[BlackElo "2668"]
[PlyCount "75"]
[EventDate "2025.06.15"]
[EventType "team-k.o. (blitz)"]
[EventRounds "2"]
[EventCountry "ENG"]
[SourceTitle "CB25_2025"]
[SourceDate "2025.06.18"]
[SourceVersion "1"]
[SourceVersionDate "2025.06.18"]
[SourceQuality "1"]
[WhiteTeam "Freedom"]
[BlackTeam "Ashdod Elit CC"]
[WhiteTeamCountry "IND"]
[BlackTeamCountry "ISR"]

1. c4 Nf6 2. Nc3 e6 3. Nf3 d5 4. d4 c5 5. cxd5 cxd4 6. Qxd4 exd5 7. Bg5 Be7 8. Qd2 Be6 9. Rd1 Nc6 10. Bxf6 Bxf6 11. Nxd5 Qxd5 12. Qxd5 Bxd5 13. Rxd5 Bxb2 14. e3 Bc3+ 15. Kd1 0-0 16. Bc4 Rac8 17. Bb3 Rfd8 18. Rxd8+ Rxd8+ 19. Ke2 Kf8 20. Rc1 Bf6 21. Nd2 Ke7 22. Ne4 Bb2 23. Rc5 Ba3 24. Rf5 f6 25. Rh5 h6 26. f4 b6 27. g4 Bb2 28. Ng3 Kf8 29. g5 fxg5 30. fxg5 hxg5 31. Rxg5 Bf6 32. Rh5 g6 33. Rh7 Bg7 34. Ne4 Re8 35. Nf6 Re7 36. Nd5 Re5 37. Nf4 Rg5 38. Ne6+ 1-0

[Event "WchT Blitz Final"]
[Site "London"]
[Date "2025.06.15"]
[Round "1.1"]
[White "Le, Tuan Minh"]
[Black "Gledura, Benjamin"]
[Result "1-0"]
[WhiteElo "2598"]
[BlackElo "2668"]
[PlyCount "85"]
[EventDate "2025.06.15"]
[EventType "team-k.o. (blitz)"]
[EventRounds "4"]
[EventCountry "ENG"]
[SourceTitle "CB25_2025"]
[SourceDate "2025.06.18"]
[SourceVersion "1"]
[SourceVersionDate "2025.06.18"]
[SourceQuality "1"]
[WhiteTeam "Theme Int Trading"]
[BlackTeam "Ashdod Elit CC"]
[WhiteTeamCountry "SIN"]
[BlackTeamCountry "ISR"]

1. d4 Nf6 2. c4 e6 3. Nc3 Bb4 4. e3 b6 5. Bd2 0-0 6. Nf3 d5 7. Rc1 Ba6 8. Qb3 c5 9. dxc5 bxc5 10. a3 Bxc3 11. Bxc3 Nbd7 12. Be2 Rb8 13. Qc2 Qb6 14. 0-0 Ne4 15. cxd5 exd5 16. Bxa6 Qxa6 17. Rfd1 Qe6 18. h3 h6 19. Qd3 Nb6 20. Be1 Nc4 21. Qxd5 Qxd5 22. Rxd5 Nxb2 23. Ne5 Rfd8 24. Nd7 Rbc8 25. Ba5 Re8 26. f3 Ng3 27. Kf2 c4 28. Kxg3 Rxe3 29. Rc5 Rxc5 30. Nxc5 Rxa3 31. Bb4 Re3 32. Bd2 Re2 33. Bc3 Nd3 34. Nxd3 cxd3 35. Rd1 Ra2 36. Rxd3 a5 37. Rd8+ Kh7 38. Rd7 Kg6 39. Ra7 a4 40. h4 h5 41. Ra6+ f6 42. Ra7 Rc2 43. Bb4 1-0

[Event "WchT Blitz Pool A"]
[Site "London"]
[Date "2025.06.14"]
[Round "13.2"]
[White "Gledura, Benjamin"]
[Black "Reimanis, Ritvars"]
[Result "0-1"]
[WhiteElo "2668"]
[BlackElo "2355"]
[PlyCount "124"]
[EventDate "2025.06.14"]
[EventType "team-tourn"]
[EventRounds "13"]
[EventCountry "ENG"]
[SourceTitle "CB25_2025"]
[SourceDate "2025.06.18"]
[SourceVersion "1"]
[SourceVersionDate "2025.06.18"]
[SourceQuality "1"]
[WhiteTeam "Ashdod Elit CC"]
[BlackTeam "The MongolZ"]
[WhiteTeamCountry "ISR"]
[BlackTeamCountry "MGL"]

1. e4 e5 2. Nf3 Nc6 3. Bb5 Nf6 4. d3 Bc5 5. Bxc6 dxc6 6. Nbd2 Nd7 7. Nc4 Qe7 8. 0-0 0-0 9. c3 Bd6 10. Qe2 Re8 11. Bg5 f6 12. Be3 Nf8 13. Nh4 b5 14. Na5 c5 15. a4 b4 16. cxb4 cxb4 17. Rac1 Qf7 18. Nf5 Qa2 19. Ra1 Qf7 20. Rfc1 Qg6 21. Qf3 Ba6 22. Bc5 Bxc5 23. Rxc5 Ne6 24. Rc6 Bc8 25. Qg3 Bd7 26. Rc4 Nf4 27. Qxg6 hxg6 28. Ne3 Nxd3 29. Rd1 Bxa4 30. Rxd3 Bb5 31. Kf1 Red8 32. Ke2 c5 33. Nd5 Bxc4 34. Nxc4 a5 35. Ncb6 Rab8 36. b3 Kf7 37. Nc4 Ra8 38. Ncb6 Rab8 39. Nc4 Ra8 40. Ndb6 Rxd3 41. Kxd3 Ra6 42. Na4 Ra8 43. Nxc5 g5 44. h3 g6 45. Ke3 Ke7 46. Nb6 Ra7 47. Nc4 Rc7 48. Na4 Ra7 49. g3 Kf8 50. h4 gxh4 51. gxh4 Rh7 52. Nxa5 Rxh4 53. Nc6 f5 54. exf5 gxf5 55. Nxe5 Re4+ 56. Kd3 Rxe5 57. Nb6 Re4 58. Nc4 Ke7 59. Na5 Kd6 60. f3 Rh4 61. Nc4+ Kc5 62. Ke3 Rxc4 0-1

[Event "WchT Blitz Pool A"]
[Site "London"]
[Date "2025.06.14"]
[Round "3.2"]
[White "Yatskar, Martin"]
[Black "Gledura, Benjamin"]
[Result "0-1"]
[WhiteElo "2225"]
[BlackElo "2668"]
[PlyCount "60"]
[EventDate "2025.06.14"]
[EventType "team-tourn"]
[EventRounds "13"]
[EventCountry "ENG"]
[SourceTitle "CB25_2025"]
[SourceDate "2025.06.18"]
[SourceVersion "1"]
[SourceVersionDate "2025.06.18"]
[SourceQuality "1"]
[WhiteTeam "Berlin Lasker Legends"]
[BlackTeam "Ashdod Elit CC"]
[WhiteTeamCountry "GER"]
[BlackTeamCountry "ISR"]

1. d4 Nf6 2. c4 g6 3. Nf3 Bg7 4. g3 0-0 5. Bg2 d6 6. Nc3 a5 7. 0-0 Bf5 8. Nh4 Be6 9. b3 d5 10. c5 Nc6 11. f4 Ne4 12. Nxe4 Bxd4+ 13. e3 Bxa1 14. Ng5 Bf6 15. Nxe6 fxe6 16. Qg4 Kg7 17. Qxe6 d4 18. e4 Qc8 19. Qc4 Bxh4 20. gxh4 Qg4 21. e5 Rad8 22. h3 Qxh4 23. Kh2 d3 24. Be3 d2 25. Rd1 g5 26. Be4 gxf4 27. Rg1+ Kh8 28. Bc2 Rg8 29. e6 Rxg1 30. Bxg1 Qg3+ 0-1

[Event "WchT Rapid"]
[Site "London"]
[Date "2025.06.12"]
[Round "8.3"]
[White "Sokolovsky, Yahli"]
[Black "Gledura, Benjamin"]
[Result "0-1"]
[WhiteElo "2367"]
[BlackElo "2575"]
[PlyCount "118"]
[EventDate "2025.06.11"]
[EventType "team-swiss"]
[EventRounds "12"]
[EventCountry "ENG"]
[SourceTitle "CB25_2025"]
[SourceDate "2025.06.18"]
[SourceVersion "1"]
[SourceVersionDate "2025.06.18"]
[SourceQuality "1"]
[WhiteTeam "Rishon LeZion"]
[BlackTeam "Ashdod Elit CC"]
[WhiteTeamCountry "ISR"]
[BlackTeamCountry "ISR"]

1. e4 c5 2. Nf3 e6 3. d4 cxd4 4. Nxd4 Nc6 5. Nc3 Qc7 6. Be2 a6 7. 0-0 Nf6 8. Be3 Be7 9. f4 d6 10. a4 0-0 11. Kh1 Nxd4 12. Qxd4 Bd7 13. a5 Rac8 14. e5 Ne8 15. Qd3 Bc6 16. Bb6 Qb8 17. Qe3 g6 18. Bd3 Ng7 19. Rae1 f5 20. Bd4 Qc7 21. exd6 Bxd6 22. Be5 Bxe5 23. Qxe5 Rfd8 24. Qxc7 Rxc7 25. Re5 Kf7 26. Kg1 Rd4 27. g3 Nh5 28. Rfe1 Bd7 29. Ne2 Rd6 30. h3 Nf6 31. Nc3 Bc6 32. Kf2 Nd7 33. R5e3 Nc5 34. Bf1 Rd4 35. Bg2 Bxg2 36. Kxg2 Rc6 37. R1e2 Kf6 38. Kf3 h6 39. h4 Rb4 40. Rxe6+ Nxe6 41. Nd5+ Kf7 42. Nxb4 Nd4+ 43. Kf2 Rc4 44. Rd2 Rxb4 45. c3 Nb3 46. Rd7+ Ke6 47. Rg7 Kf6 48. Rh7 Rb5 49. h5 gxh5 50. Rxh6+ Kg7 51. Rxh5 Nxa5 52. b4 Nc4 53. Ke2 Nd6 54. Kd3 Rd5+ 55. Kc2 Ne4 56. Rh2 b5 57. Rg2 Kf6 58. Rh2 Rd6 59. Rg2 Rc6 0-1

[Event "Jermuk Avagyan Memorial"]
[Site "Jermuk"]
[Date "2025.06.03"]
[Round "6"]
[White "Praggnanandhaa, Rameshbabu"]
[Black "Gledura, Benjamin"]
[Result "1-0"]
[WhiteElo "2758"]
[BlackElo "2663"]
[PlyCount "87"]
[EventDate "2025.05.29"]
[EventType "tourn"]
[EventRounds "9"]
[EventCountry "ARM"]
[EventCategory "17"]
[SourceTitle "CB24_2025"]
[SourceDate "2025.06.11"]
[SourceVersion "1"]
[SourceVersionDate "2025.06.11"]
[SourceQuality "1"]

1. d4 Nf6 2. c4 e6 3. Nc3 Bb4 4. a3 Bxc3+ 5. bxc3 b6 6. f3 Nc6 7. e4 Ba6 8. Bg5 h6 9. Bh4 g5 10. Bf2 Qe7 11. Bd3 Nh5 12. Ne2 Rg8 13. 0-0 Nf4 14. Nxf4 gxf4 15. Kh1 Na5 16. c5 Bxd3 17. Qxd3 bxc5 18. Qa6 Nc6 19. Rab1 f6 20. Qb7 Rb8 21. Qxc7 Rxb1 22. Rxb1 cxd4 23. cxd4 Qxa3 24. Qc8+ Nd8 25. Qc2 Qd6 26. Rd1 a5 27. Bh4 Rf8 28. e5 fxe5 29. dxe5 Qb8 30. Bf6 Rf7 31. Rb1 Qa8 32. h4 Nc6 33. Qg6 a4 34. Qg8+ Rf8 35. Qg6+ Rf7 36. Qxh6 a3 37. Qxf4 a2 38. Ra1 Qb7 39. Qc1 Qb3 40. Kh2 Qa4 41. Kh3 Qb3 42. Qd2 Nb4 43. Rc1 d5 44. Qg5 1-0

[Event "Chess.com Classic Play In"]
[Site "Chess.com INT"]
[Date "2025.05.19"]
[Round "6"]
[White "Rustemov, Alexander"]
[Black "Gledura, Benjamin"]
[Result "0-1"]
[WhiteElo "2525"]
[BlackElo "2663"]
[PlyCount "132"]
[EventDate "2025.05.19"]
[EventType "swiss (blitz)"]
[EventRounds "9"]
[EventCountry "USA"]
[SourceTitle "CB21_2025"]
[SourceDate "2025.05.21"]
[SourceVersion "1"]
[SourceVersionDate "2025.05.21"]
[SourceQuality "1"]

1. d4 Nf6 2. c4 g6 3. Nf3 Bg7 4. g3 0-0 5. Bg2 d5 6. cxd5 Nxd5 7. 0-0 Nb6 8. Nc3 Nc6 9. e3 a5 10. h3 Re8 11. Re1 a4 12. Rb1 Be6 13. b3 axb3 14. axb3 Nb4 15. Bb2 c6 16. Ng5 Bf5 17. e4 Bc8 18. Nf3 h6 19. Na4 Nxa4 20. bxa4 c5 21. Re2 Qa5 22. dxc5 Rd8 23. Rd2 Rxd2 24. Qxd2 Nc6 25. Qc1 Bxb2 26. Rxb2 Qxa4 27. Kh2 Qa3 28. e5 Kg7 29. Qc2 Ra5 30. e6 Rxc5 31. Qd2 Bxe6 32. Rxb7 Bd5 33. Ne1 Bxg2 34. Kxg2 Re5 35. Nf3 Rf5 36. Qb2+ Qxb2 37. Rxb2 g5 38. Rb6 Rf6 39. Rb7 Rd6 40. Rc7 Kf6 41. Rb7 e6 42. Rc7 Ne7 43. Rc2 Nf5 44. Ra2 h5 45. Re2 Rd3 46. Ra2 Rc3 47. Rb2 Kg6 48. Ne5+ Kf6 49. Nf3 g4 50. hxg4 hxg4 51. Nh2 Kg5 52. Rb8 Nh6 53. Rb5+ f5 54. Nf1 Nf7 55. Rb1 Ne5 56. Ne3 Nf3 57. Rd1 Rc8 58. Nf1 Rc2 59. Ra1 e5 60. Rb1 Rc8 61. Nh2 Nd4 62. Re1 Rc5 63. Ra1 f4 64. gxf4+ exf4 65. Ra8 f3+ 66. Kg1 Ne2+ 0-1

[Event "EU-ch 25th"]
[Site "Eforie Nord"]
[Date "2025.03.25"]
[Round "10"]
[White "Gledura, Benjamin"]
[Black "Jobava, Baadur"]
[Result "1/2-1/2"]
[WhiteElo "2658"]
[BlackElo "2578"]
[PlyCount "137"]
[EventDate "2025.03.15"]
[EventType "swiss"]
[EventRounds "11"]
[EventCountry "ROU"]
[SourceTitle "CB13_2025"]
[SourceDate "2025.03.26"]
[SourceVersion "1"]
[SourceVersionDate "2025.03.26"]
[SourceQuality "1"]

1. d4 d5 2. c4 dxc4 3. Nf3 Nf6 4. e3 Be6 5. Be2 Bd5 6. 0-0 e6 7. Nc3 Nbd7 8. Qc2 Bb4 9. Rd1 Bxc3 10. bxc3 0-0 11. Nd2 c5 12. Nxc4 Qc7 13. Na3 Bc6 14. f3 Nd5 15. e4 N5b6 16. Qd3 f5 17. exf5 Rxf5 18. Qe3 Re8 19. c4 cxd4 20. Rxd4 e5 21. Rd1 e4 22. f4 a6 23. Rf1 Rff8 24. Bb2 Na4 25. Bd4 b6 26. Qg3 Ndc5 27. Nc2 Nd3 28. Bxd3 exd3 29. Ne3 Nc5 30. Be5 Qd7 31. Nd5 b5 32. Rac1 d2 33. Rcd1 bxc4 34. Nc3 Nd3 35. Qe3 Nxe5 36. fxe5 Rxf1+ 37. Kxf1 Qf5+ 38. Kg1 Qxe5 39. Qxe5 Rxe5 40. Rxd2 Kf7 41. Kf2 Rh5 42. Rd6 Rh6 43. Rxh6 gxh6 44. g3 Kf6 45. Ke3 Kg5 46. Nd1 h5 47. Nf2 Bd5 48. a3 Kf5 49. Kd4 Bg8 50. Ne4 a5 51. h3 Be6 52. Nc5 Bc8 53. Ne4 Kg6 54. Nf2 Be6 55. Ke5 Bf5 56. Kd4 h4 57. gxh4 Kh5 58. Kxc4 Kxh4 59. Kd4 Bxh3 60. Ke3 Bg2 61. Kf4 Kh5 62. Ng4 Kg6 63. Ne5+ Kf6 64. Nc4 a4 65. Kg4 Bd5 66. Nb6 Bc6 67. Kh5 Kg7 68. Kg5 Be8 69. Nd5 1/2-1/2

[Event "EU-ch 25th"]
[Site "Eforie Nord"]
[Date "2025.03.20"]
[Round "6"]
[White "Gledura, Benjamin"]
[Black "Muradli, Mahammad"]
[Result "1-0"]
[WhiteElo "2658"]
[BlackElo "2584"]
[PlyCount "82"]
[EventDate "2025.03.15"]
[EventType "swiss"]
[EventRounds "11"]
[EventCountry "ROU"]
[SourceTitle "CB13_2025"]
[SourceDate "2025.03.26"]
[SourceVersion "1"]
[SourceVersionDate "2025.03.26"]
[SourceQuality "1"]

1. e4 c5 2. Nf3 d6 3. d4 cxd4 4. Nxd4 Nf6 5. Nc3 a6 6. Bg5 e6 7. Qe2 Be7 8. h4 h6 9. Bd2 e5 10. Nf5 Bxf5 11. exf5 Nc6 12. 0-0-0 b5 13. f4 Nd4 14. Qd3 Qc8 15. Re1 0-0 16. Be2 b4 17. Nd1 Rb8 18. Kb1 Nd7 19. Bf3 Nc5 20. Qc4 Ne4 21. Qd3 Nc5 22. Qc4 Nxf3 23. gxf3 d5 24. Qe2 e4 25. Ne3 Rd8 26. Rhg1 Kh8 27. Qg2 Bf6 28. Bc1 Na4 29. Ng4 Qxf5 30. Nxf6 Qxf6 31. fxe4 dxe4 32. Qxe4 Rd4 33. Qe5 Qxe5 34. Rxe5 Rb5 35. Re7 Rf5 36. Be3 Rdd5 37. Re4 a5 38. Bd4 Rxd4 39. Rxd4 Nc5 40. Rf1 Ne6 41. Re4 g5 1-0

[Event "EU-ch 25th"]
[Site "Eforie Nord"]
[Date "2025.03.19"]
[Round "5"]
[White "Kourkoulos Arditis, Stamatis"]
[Black "Gledura, Benjamin"]
[Result "1/2-1/2"]
[WhiteElo "2580"]
[BlackElo "2658"]
[PlyCount "127"]
[EventDate "2025.03.15"]
[EventType "swiss"]
[EventRounds "11"]
[EventCountry "ROU"]
[SourceTitle "CB13_2025"]
[SourceDate "2025.03.26"]
[SourceVersion "1"]
[SourceVersionDate "2025.03.26"]
[SourceQuality "1"]

1. e4 c6 2. d4 d5 3. e5 Bf5 4. Nf3 e6 5. Be2 Ne7 6. 0-0 c5 7. dxc5 Nec6 8. Be3 Nd7 9. c4 dxc4 10. Na3 Bxc5 11. Bxc5 Nxc5 12. Nxc4 0-0 13. Qc1 Nd3 14. Bxd3 Qxd3 15. Rd1 Qc2 16. Nd4 Qxc1 17. Raxc1 Be4 18. f3 Nxd4 19. Rxd4 Bd5 20. Ne3 Bc6 21. Kf2 Rfd8 22. Rcd1 Rxd4 23. Rxd4 Kf8 24. Nd1 Ke7 25. Nc3 a5 26. Ke3 a4 27. Rc4 Ra5 28. Kd4 Kd7 29. a3 g5 30. Rc5 Ra8 31. Ke3 b6 32. Rc4 Ra5 33. Kd4 h5 34. g3 h4 35. gxh4 gxh4 36. f4 Ra8 37. Ne4 Bxe4 38. Kxe4 h3 39. Rc3 Ra5 40. Rxh3 Rb5 41. Rd3+ Ke7 42. Rd2 f5+ 43. exf6+ Kxf6 44. h4 Rb3 45. Rh2 b5 46. h5 Kg7 47. Ke5 Re3+ 48. Kd4 Rb3 49. h6+ Kh7 50. Kc5 Kg8 51. Kd6 b4 52. Kxe6 bxa3 53. bxa3 Rxa3 54. f5 Re3+ 55. Kf6 Kh7 56. Rh4 a3 57. Ra4 Rb3 58. Ra8 Rc3 59. Ke7 Kxh6 60. f6 Rc7+ 61. Kd6 Rb7 62. Ke6 Rb6+ 63. Kf7 Rb7+ 64. Ke6 1/2-1/2

[Event "EU-ch 25th"]
[Site "Eforie Nord"]
[Date "2025.03.18"]
[Round "4"]
[White "Gledura, Benjamin"]
[Black "Petkov, Momchil"]
[Result "1-0"]
[WhiteElo "2658"]
[BlackElo "2547"]
[PlyCount "83"]
[EventDate "2025.03.15"]
[EventType "swiss"]
[EventRounds "11"]
[EventCountry "ROU"]
[SourceTitle "CB13_2025"]
[SourceDate "2025.03.26"]
[SourceVersion "1"]
[SourceVersionDate "2025.03.26"]
[SourceQuality "1"]

1. c4 Nf6 2. Nc3 g6 3. d4 Bg7 4. e4 d6 5. Be2 0-0 6. Be3 c6 7. Nf3 e5 8. dxe5 dxe5 9. Qc2 Nbd7 10. h3 Qe7 11. 0-0 Nh5 12. Rfd1 Nc5 13. b4 Ne6 14. c5 Nhf4 15. Rd6 Ng5 16. Rad1 Nxf3+ 17. Bxf3 Ne6 18. Ne2 Ng5 19. Bg4 f5 20. Bxg5 Qxg5 21. Bf3 Kh8 22. Nc3 fxe4 23. Nxe4 Qf4 24. Qd2 Bf5 25. Qe2 Qh4 26. g3 Qe7 27. h4 a5 28. b5 cxb5 29. Qxb5 Rac8 30. a4 Qe8 31. Rb6 Qxb5 32. Rxb5 Rc7 33. Nd6 Bc2 34. Rc1 Bxa4 35. Rxb7 Rxb7 36. Bxb7 e4 37. c6 Bb2 38. Re1 Be5 39. Nxe4 Bc2 40. Ng5 Bd6 41. Rc1 Bf5 42. c7 1-0

[Event "EU-ch 25th"]
[Site "Eforie Nord"]
[Date "2025.03.16"]
[Round "2"]
[White "Gledura, Benjamin"]
[Black "Davtyan, Artur"]
[Result "1-0"]
[WhiteElo "2658"]
[BlackElo "2474"]
[PlyCount "105"]
[EventDate "2025.03.15"]
[EventType "swiss"]
[EventRounds "11"]
[EventCountry "ROU"]
[SourceTitle "CB13_2025"]
[SourceDate "2025.03.26"]
[SourceVersion "1"]
[SourceVersionDate "2025.03.26"]
[SourceQuality "1"]

1. e4 e5 2. Nf3 Nc6 3. Bb5 Nf6 4. d3 Bc5 5. Bxc6 dxc6 6. Nbd2 Nd7 7. Nc4 f6 8. 0-0 Nf8 9. Be3 Bxe3 10. Nxe3 Ne6 11. c3 c5 12. Qc2 0-0 13. Rad1 b6 14. Rd2 Qe8 15. Rfd1 Bb7 16. d4 cxd4 17. cxd4 exd4 18. Nxd4 Nxd4 19. Rxd4 c5 20. Rd7 Bxe4 21. Qc4+ Kh8 22. Rc7 Rd8 23. Rxd8 Qxd8 24. Rxa7 Qd2 25. Nf1 Qd3 26. Qxd3 Bxd3 27. Ne3 Rd8 28. Rb7 b5 29. Rc7 c4 30. a3 h6 31. h4 f5 32. Rc5 Re8 33. g3 g5 34. hxg5 hxg5 35. Kg2 Be4+ 36. f3 Bd3 37. Nxf5 Re2+ 38. Kh3 Rxb2 39. Kg4 Rb3 40. Nd4 Rxa3 41. Nxb5 Ra5 42. Rxg5 Ra4 43. f4 Be2+ 44. Kh4 Ra1 45. Re5 Bf3 46. f5 Ra5 47. Re8+ Kg7 48. Nd4 Bd5 49. Kg5 Ra3 50. Re7+ Kf8 51. Rd7 Bf7 52. Kf6 Ra6+ 53. Ne6+ 1-0

[Event "Chessable Masters Play In"]
[Site "Chess.com INT"]
[Date "2025.02.17"]
[Round "2"]
[White "Andreikin, Dmitry"]
[Black "Gledura, Benjamin"]
[Result "0-1"]
[WhiteElo "2695"]
[BlackElo "2659"]
[PlyCount "98"]
[EventDate "2025.02.17"]
[EventType "swiss (blitz)"]
[EventRounds "9"]
[EventCountry "USA"]
[SourceTitle "CB08_2025"]
[SourceDate "2025.02.19"]
[SourceVersion "1"]
[SourceVersionDate "2025.02.19"]
[SourceQuality "1"]

1. e4 c6 2. Nf3 d5 3. d3 Qc7 4. exd5 cxd5 5. c4 Nf6 6. Nc3 e6 7. Nb5 Qd8 8. Bf4 Bb4+ 9. Nd2 Na6 10. a3 Be7 11. b4 0-0 12. c5 d4 13. Nc4 Nd5 14. Be5 Bf6 15. Qh5 Nac7 16. Nxd4 b6 17. Nf3 bxc5 18. bxc5 Nf4 19. Bxf6 gxf6 20. Qg4+ Ng6 21. h4 e5 22. Qg3 Kh8 23. Nd6 Ne6 24. h5 Ngf4 25. h6 Qa5+ 26. Nd2 Qc3 27. Rd1 Qxc5 28. N2e4 Qa5+ 29. Rd2 Qxa3 30. Be2 f5 31. Nxf5 Rg8 32. Ng7 Nxg7 33. Qg5 Qa1+ 34. Rd1 Qa5+ 35. Kf1 Ne8 36. Qe7 Ng6 37. Qxf7 Rf8 38. Qb3 Bf5 39. Ng5 Qc7 40. Qa3 Qd6 41. Qa5 Qe7 42. Nf3 Rd8 43. Re1 Nf6 44. g3 Ng4 45. Kg2 Qf6 46. Qxa7 e4 47. dxe4 Bxe4 48. Bd1 Bxf3+ 49. Kg1 Bxd1 0-1

[Event "Chessable Masters Play In"]
[Site "Chess.com INT"]
[Date "2025.02.17"]
[Round "1"]
[White "Bilguun, Sumiya"]
[Black "Gledura, Benjamin"]
[Result "0-1"]
[WhiteElo "2460"]
[BlackElo "2659"]
[PlyCount "156"]
[EventDate "2025.02.17"]
[EventType "swiss (blitz)"]
[EventRounds "9"]
[EventCountry "USA"]
[SourceTitle "CB08_2025"]
[SourceDate "2025.02.19"]
[SourceVersion "1"]
[SourceVersionDate "2025.02.19"]
[SourceQuality "1"]

1. e4 c6 2. d4 d5 3. exd5 cxd5 4. Bd3 Nc6 5. c3 g6 6. Bf4 Bg7 7. Ne2 Nf6 8. Nd2 0-0 9. 0-0 Bf5 10. Bxf5 gxf5 11. Re1 e6 12. Ng3 Qb6 13. Rb1 Ne7 14. Nh5 Nxh5 15. Qxh5 Ng6 16. Bh6 Bxh6 17. Qxh6 Qd8 18. Nf3 Qf6 19. h4 Qg7 20. Qd2 Kh8 21. h5 Ne7 22. g3 Rg8 23. Kg2 Qf6 24. Qf4 Nc6 25. Ne5 Rac8 26. Nxc6 Rxc6 27. f3 Qg5 28. Qxg5 Rxg5 29. Rh1 Kg7 30. f4 Rg4 31. h6+ Kf6 32. Kf3 Rc8 33. Rbe1 b5 34. a3 a5 35. Re3 Rgg8 36. Ra1 Kg6 37. Rh1 Rb8 38. Ree1 b4 39. cxb4 axb4 40. a4 b3 41. Ra1 Rb4 42. Rhd1 Ra8 43. a5 Ra6 44. Rd3 Kxh6 45. Ra3 Kg6 46. Raxb3 Rxb3 47. Rxb3 Rxa5 48. Rb8 Kf6 49. b3 Ra2 50. b4 Ra3+ 51. Kf2 Rd3 52. b5 Rxd4 53. b6 Rb4 54. b7 Rb3 55. Ke2 d4 56. Kd2 d3 57. Ke3 Ke7 58. Kd2 h5 59. Ke3 Kd6 60. Rd8+ Kc7 61. Rf8 Kxb7 62. Rxf7+ Kc6 63. Rh7 Kd5 64. Rxh5 d2+ 65. Kxd2 Rxg3 66. Ke2 Ke4 67. Rh6 Re3+ 68. Kf2 Kxf4 69. Rh4+ Kg5 70. Rh8 Ra3 71. Re8 Kf6 72. Rf8+ Ke5 73. Rb8 f4 74. Rb4 Kf5 75. Rb8 e5 76. Rb7 Ra2+ 77. Kf1 e4 78. Rb3 e3 0-1

[Event "Chessable Masters Play In"]
[Site "Chess.com INT"]
[Date "2025.02.17"]
[Round "3"]
[White "Gledura, Benjamin"]
[Black "Niemann, Hans Moke"]
[Result "1-0"]
[WhiteElo "2659"]
[BlackElo "2734"]
[PlyCount "63"]
[EventDate "2025.02.17"]
[EventType "swiss (blitz)"]
[EventRounds "9"]
[EventCountry "USA"]
[SourceTitle "CB08_2025"]
[SourceDate "2025.02.19"]
[SourceVersion "1"]
[SourceVersionDate "2025.02.19"]
[SourceQuality "1"]

1. d4 Nf6 2. c4 e6 3. Nc3 Bb4 4. e3 0-0 5. a3 Bxc3+ 6. bxc3 c5 7. Bd3 Nc6 8. Ne2 d6 9. e4 e5 10. d5 Ne7 11. f3 Ne8 12. g4 Ng6 13. Be3 Nh4 14. 0-0 g5 15. Ng3 Ng6 16. Qd2 h6 17. Kf2 Qf6 18. Nf5 Bxf5 19. gxf5 Nf4 20. h4 gxh4 21. Bxf4 exf4 22. Qxf4 Kh7 23. Rh1 Rh8 24. Qxh4 Qxh4+ 25. Rxh4 Nf6 26. f4 Rae8 27. Re1 Rhg8 28. Kf3 Kg7 29. e5 Nd7 30. f6+ Kf8 31. Bf5 Nxf6 32. Rxh6 1-0

[Event "Bundesliga 2425"]
[Site "Germany"]
[Date "2025.01.11"]
[Round "5.4"]
[White "Gledura, Benjamin"]
[Black "Nasuta, Grzegorz"]
[Result "1-0"]
[WhiteElo "2628"]
[BlackElo "2545"]
[PlyCount "59"]
[EventDate "2024.09.28"]
[EventType "team-tourn"]
[EventRounds "15"]
[EventCountry "GER"]
[SourceTitle "CB06_2025"]
[SourceDate "2025.02.05"]
[SourceVersion "1"]
[SourceVersionDate "2025.02.05"]
[SourceQuality "1"]
[WhiteTeam "Deizisau"]
[BlackTeam "Heimbach Weis Neuwied"]
[WhiteTeamCountry "GER"]
[BlackTeamCountry "GER"]

1. c4 c6 2. e4 d5 3. exd5 cxd5 4. d4 Nf6 5. Nc3 Nc6 6. Nf3 Bg4 7. cxd5 Nxd5 8. Qb3 Bxf3 9. gxf3 e6 10. Qxb7 Nxd4 11. Bb5+ Nxb5 12. Qc6+ Ke7 13. Qc5+ Nd6 14. Nxd5+ exd5 15. 0-0 Qc8 16. Qxd5 Qb7 17. Qh5 Kd7 18. Rd1 Re8 19. Bf4 g6 20. Qa5 Re6 21. Rac1 g5 22. Bg3 Rg8 23. Qa4+ Ke7 24. Rc6 Ne8 25. Qd4 Qa8 26. Qd7+ Kf6 27. Be5+ Kxe5 28. Rxe6+ fxe6 29. Re1+ Kf4 30. Qf7+ 1-0

[Event "HUN-chT 2425"]
[Site "Hungary"]
[Date "2024.12.14"]
[Round "3.2"]
[White "Pacher, Milan"]
[Black "Gledura, Benjamin"]
[Result "0-1"]
[WhiteElo "2310"]
[BlackElo "2652"]
[PlyCount "68"]
[EventDate "2024.11.02"]
[EventType "team-tourn"]
[EventRounds "9"]
[EventCountry "HUN"]
[SourceTitle "CB16_2025"]
[SourceDate "2025.04.16"]
[SourceVersion "1"]
[SourceVersionDate "2025.04.16"]
[SourceQuality "1"]
[WhiteTeam "Biatorbagy"]
[BlackTeam "Tungsram ANSK"]
[WhiteTeamCountry "HUN"]
[BlackTeamCountry "HUN"]

1. d4 Nf6 2. Nf3 d5 3. Bf4 c5 4. e3 Nc6 5. Nbd2 e6 6. c3 cxd4 7. exd4 Nh5 8. Bg5 f6 9. Be3 Bd6 10. Be2 Nf4 11. 0-0 Nxe2+ 12. Qxe2 0-0 13. Rfe1 Kh8 14. Rad1 Bd7 15. Nf1 b5 16. h4 Ne7 17. h5 Qc7 18. Nh4 a5 19. g3 Rae8 20. Ng2 Nf5 21. Bf4 e5 22. dxe5 fxe5 23. Bc1 Bc6 24. g4 Ne7 25. Ng3 e4 26. Be3 Bxg3 27. fxg3 Qxg3 28. h6 Kg8 29. Bf2 Qh3 30. hxg7 Rf3 31. Ne3 Ng6 32. Qf1 Nf4 33. Rd2 Qh6 34. a4 Rh3 0-1

[Event "HUN-chT 2425"]
[Site "Hungary"]
[Date "2024.11.03"]
[Round "2.11"]
[White "Indjic, Aleksandar"]
[Black "Gledura, Benjamin"]
[Result "1/2-1/2"]
[WhiteElo "2623"]
[BlackElo "2652"]
[PlyCount "160"]
[EventDate "2024.11.02"]
[EventType "team-tourn"]
[EventRounds "9"]
[EventCountry "HUN"]
[SourceTitle "CB45_2024"]
[Source "ChessBase"]
[SourceDate "2024.11.06"]
[SourceVersion "1"]
[SourceVersionDate "2024.11.06"]
[SourceQuality "1"]
[WhiteTeam "Kobanya Aquarena"]
[BlackTeam "Tungsram ANSK"]
[WhiteTeamCountry "HUN"]
[BlackTeamCountry "HUN"]

1. Nf3 d5 2. d4 Nf6 3. c4 e6 4. Nc3 Bb4 5. Bg5 h6 6. Bxf6 Qxf6 7. e3 0-0 8. a3 Bxc3+ 9. bxc3 c5 10. g4 Nc6 11. h4 Qe7 12. g5 h5 13. Nd2 g6 14. Bg2 Rd8 15. 0-0 Qc7 16. cxd5 exd5 17. c4 dxc4 18. d5 Ne7 19. e4 b5 20. Qc1 Qf4 21. a4 Bd7 22. axb5 Bxb5 23. Nf3 Qc7 24. Qc3 Nc8 25. Nd2 Nb6 26. f4 a6 27. Ra3 Ra7 28. f5 Nd7 29. fxg6 fxg6 30. Nxc4 Bxc4 31. d6 Qxd6 32. Qxc4+ Kh8 33. Rd3 Qe5 34. Rf7 Rb8 35. Qa2 c4 36. Rdxd7 Rxd7 37. Rxd7 Rb2 38. Rd8+ Kh7 39. Rd7+ Kh8 40. Qa3 Rb1+ 41. Bf1 Rxf1+ 42. Kxf1 Qf4+ 43. Ke1 Qxe4+ 44. Kd2 Qf4+ 45. Kc3 Qe5+ 46. Kxc4 Qb5+ 47. Kc3 Qxd7 48. Qf8+ Kh7 49. Qh6+ Kg8 50. Qxg6+ Kf8 51. Qf6+ Kg8 52. Qd4 Qf5 53. Qc4+ Kg7 54. Qc7+ Kg8 55. Qb8+ Kg7 56. Qb7+ Kg8 57. Kd4 Qf2+ 58. Ke5 a5 59. Qc8+ Kg7 60. Qd7+ Kg6 61. Qe6+ Kg7 62. Qh6+ Kg8 63. Qg6+ Kf8 64. Qd6+ Kg7 65. Qd7+ Kg6 66. Qd3+ Kg7 67. Qd4 Qf7 68. Ke4+ Kh7 69. Qd5 Qe7+ 70. Kd4 a4 71. Kc4 a3 72. Qd3+ Kg7 73. Kb3 Qa7 74. Qc3+ Kh7 75. Qc2+ Kg7 76. Qc1 a2 77. Qb2+ Kg6 78. Qc2+ Kg7 79. Qb2+ Kg6 80. Qc2+ Kg7 1/2-1/2